[Event "Ch SCG (team) (2 liga)"]
[Site "masterchessopen.com Sutomore (Yugoslavia)"]
[Date "2004.09.13"]
[Round "6"]
[White "Popovic Zoran (BIH)"]
[Black "Parligras Mircea (ROM)"]
[Result "0-1"]
[WhiteElo "2303"]
[BlackElo "2559"]

1.d4 Nf6 2.c4 e6 3.Nc3 Bb4 4.Qc2 d5 5.cxd5 Qxd5 6.Nf3 Qf5 7.Qxf5 exf5 8.a3 Be7
9.e3 c6 10.Bc4 Nbd7 11.O-O Nb6 12.Bd3 a5 13.b3 O-O 14.Bd2 Be6 15.Ne5 Rfd8
16.Nc4 Nbd7 17.Ne2 Nc5 18.Bc2 a4 19.Nb6 Ra6 20.Bb4 axb3 21.dxc5 bxc2 22.Rac1
Ne4 23.Rxc2 Nxc5 24.Nc4 Bf8 25.h3 Ne4 26.Bxf8 Kxf8 27.Rb1 Bxc4 28.Rxc4 Nd2
{#R} 0-1

[Event "It (open)"]
[Site "masterchessopen.com Binissalem (Spain)"]
[Date "2004.10.03"]
[Round "3"]
[White "Valls Casas Jordi (ESP)"]
[Black "Perez Prieto German (ESP)"]
[Result "1-0"]
[WhiteElo "2041"]
[BlackElo "2064"]

1.d4 Nf6 2.c4 e6 3.Nc3 Bb4 4.Qc2 d5 5.cxd5 Bxc3+ 6.bxc3 exd5 7.Ba3 c6 8.Nf3
Ne4 9.e3 Bf5 10.Bd3 Nd7 11.O-O b5 12.Ne5 Nxe5 13.dxe5 Qb6 14.Rfe1 Bg6 15.Rab1
Rc8 16.e6 Qc7 17.exf7+ Kxf7 18.f3 Nf6 19.e4 Rhe8 20.exd5 Bxd3 21.Qxd3 Qd7
22.d6 a6 23.Bc5 Re6 24.Rxe6 Qxe6 25.Rd1 Nd7 26.Bf2 Qg6 27.Qe3 Qe6 28.Qa7 Re8
29.Qxa6 Qe2 30.Re1 Qd3 31.Rxe8 Nc5 32.Qa7+ {#r} 1-0

[Event "Olympiad"]
[Site "masterchessopen.com Calvia (Spain)"]
[Date "2004.10.25"]
[Round "10"]
[White "Laurent Bruno (BEL)"]
[Black "Garcia Jhoel (PER)"]
[Result "1-0"]
[WhiteElo "2335"]
[BlackElo "2201"]

1.d4 Nf6 2.c4 e6 3.Nc3 Bb4 4.Qc2 d5 5.cxd5 Qxd5 6.Nf3 c5 7.Bd2 Bxc3 8.Bxc3
cxd4 9.Nxd4 O-O 10.e3 e5 11.Nf3 Nc6 12.a3 Bg4 13.Rd1 Qe6 14.Be2 Bf5 15.Qa4 Ne4
16.Bb4 Rfc8 17.O-O a6 18.Rc1 b5 19.Qd1 Nxb4 20.axb4 h6 21.Bd3 Rd8 22.Qc2 Rac8
23.Qb1 Nd6 24.Bxf5 Nxf5 25.Qe4 f6 26.h3 Nd6 27.Qg6 Qf7 28.Qg4 Rc4 29.Rxc4 Qxc4
30.Rd1 Qxg4 31.hxg4 Nf7 32.Ra1 Rd6 33.Nh4 Rb6 34.Rc1 Nd8 35.Nf5 Rb7 36.Rc8 Rd7
37.Kf1 Kh7 38.Ke2 Kg6 39.Ng3 Nf7 40.Ra8 Rc7 41.Kd2 Rc4 42.f3 Rxb4 43.Kc3 Ra4
44.Nf5 a5 45.Rg8 Rc4+ 46.Kd2 {#r} 1-0

[Event "Olympiad (for the Blind)"]
[Site "masterchessopen.com La Pineda (Spain)"]
[Date "2004.11.04"]
[Round "2"]
[White "Zhunusov Murat (KAZ)"]
[Black "Grigorchuk Sergey (UKR)"]
[Result "1-0"]
[WhiteElo "2217"]
[BlackElo "2294"]

1.d4 e6 2.c4 Nf6 3.Nc3 Bb4 4.Qc2 d5 5.cxd5 Qxd5 6.Nf3 Qf5 7.Qxf5 exf5 8.Bd2 c6
9.e3 Be6 10.Bd3 Nbd7 11.Ng5 O-O 12.a3 Bd6 13.Rc1 Rfe8 14.O-O g6 15.Nxe6 fxe6
16.f3 c5 17.Bc4 Re7 18.Nb5 Bb8 19.dxc5 Nxc5 20.Bb4 b6 21.Rfd1 Be5 22.f4 Bxb2
23.Rb1 a6 24.Nd6 Rd8 25.Nf7 Rxd1+ 26.Rxd1 a5 27.Bxc5 bxc5 28.Ng5 Nd5 29.Nxe6
{#r} 1-0

[Event "Bundesliga (2nd) 2004/05 (w)"]
[Site "masterchessopen.com Germany"]
[Date "2004.11.06"]
[Round "1"]
[White "Loesch Yvonne (GER)"]
[Black "Zoellner Ev-Gislain (GER)"]
[Result "0-1"]
[WhiteElo "2069"]
[BlackElo "2045"]

1.d4 Nf6 2.c4 e6 3.Nc3 Bb4 4.Qc2 d5 5.cxd5 Nxd5 6.Nf3 h6 7.e4 Bxc3+ 8.bxc3 Ne7
9.Bd3 O-O 10.O-O b6 11.Be3 Bb7 12.Rad1 Nd7 13.Qc1 Nf6 14.e5 Nfd5 15.Bxh6 Nxc3
16.Bxg7 Kxg7 17.Qxc3 Bxf3 18.gxf3 Nd5 19.Qd2 Rh8 20.Kh1 Rxh2+ 21.Kxh2 Qh4+
{#R} 0-1

[Event "Cup Russia \"]
[Site "masterchessopen.com Internet"]
[Date "2004.11.25"]
[Round "0"]
[White "Grebionkin Vladimir (RUS)"]
[Black "Lysyj Igor (RUS)"]
[Result "1-0"]
[WhiteElo "2421"]
[BlackElo "2485"]

1.d4 Nf6 2.c4 e6 3.Nc3 Bb4 4.Qc2 d5 5.cxd5 Qxd5 6.Nf3 Qf5 7.Qxf5 exf5 8.a3 Bd6
9.Nb5 Be6 10.e3 Nc6 11.Bd2 a6 12.Nxd6+ cxd6 13.Bd3 Ne4 14.O-O Kd7 15.Rfc1 Bd5
16.Be1 Rac8 17.b4 Ne7 18.Nd2 Rxc1 19.Rxc1 Rc8 20.Rxc8 Kxc8 21.f3 Nxd2 22.Bxd2
b5 23.Kf2 Kd7 24.h3 Bb3 25.g4 g6 26.Kg3 Ke6 27.e4 fxe4 28.fxe4 d5 29.e5 Bc4
30.Bc2 f6 31.exf6 Kxf6 32.h4 Nc6 33.Be3 Nd8 34.Bg5+ {#r} 1-0

[Event "Memorial P.Keres (active)"]
[Site "masterchessopen.com Tallinn (Estonia)"]
[Date "2004.11.26"]
[Round "1"]
[White "Nyback Tomi (FIN)"]
[Black "Anand Viswanathan (IND)"]
[Result "0-1"]
[WhiteElo "2554"]
[BlackElo "2781"]

{ } 1.d4 { 1 } 1...Nf6 2.c4 e6 3.Nc3 Bb4 4.Qc2 d5 5.cxd5 Qxd5 6.e3 c5 7.Bd2
Bxc3 8.Bxc3 cxd4 9.Bxd4 Nc6 10.Bc3 O-O ( 10...Qc5 11.Rc1 O-O 12.Nf3 Nd5 13.Bd2
Qxc2 14.Rxc2 e5 15.Rc5 Rd8 16.Bc4 Nb6 17.Bb3 Re8 18.Ng5 Re7 19.f3 Nd7 20.Rc1
Nf6 21.Bc2 h6 22.Ne4 { 1/2-1/2, Kasparov Garry 2851 - Anand Viswanathan 2771 ,
Frankfurt 1999 It (active) (cat.21) } ) 11.Nf3 Rd8 12.Be2 { ?/= } 12...Qe4
13.Rc1 ( 13.Qb3 Nd5 14.Bd2 Qg6 15.O-O e5 16.Rfd1 e4 17.Ne1 Qf5 18.Bc3 Rb8
19.g4 Qe6 20.Ng2 Nxc3 21.Rxd8+ Nxd8 22.Qxc3 Nc6 23.Rd1 Qe7 24.Nf4 Be6 25.b4
Qxb4 26.Qxb4 Nxb4 27.Nxe6 fxe6 28.Bc4 Kf7 29.Rd4 Nd3 30.Rxe4 { 1/2-1/2,
Kasparov Garry 2838 - Kramnik Vladimir 2809 , Moscow 2001 Memorial M.Botvinnik
(match) (active) } ) 13...Qxc2 14.Rxc2 Nd5 { } 15.a3 { N } ( 15.O-O Nxc3
16.Rxc3 { 1/2-1/2, Onischuk Alexander 2627 - Anand Viswanathan 2762 , Bastia
2000 It "Corsica Master" } ) 15...f6 16.Bd2 e5 17.Bc4 Bf5 18.Rc1 Kh8 19.Ke2 {
?! } ( 19.O-O { !? } 19...Nb6 20.Bb3 e4 21.Nd4 { } ) 19...Nb6 20.Bb5 Rd5
21.Bxc6 Bd3+ 22.Ke1 bxc6 23.b3 { ?! } ( 23.Rxc6 { !? } 23...Na4 24.b3 Bb5
25.Rc7 { } ) 23...c5 { ! } ( 23...Rad8 24.Bc3 Rb5 25.Nd2 Nd5 { } ) 24.Bc3 c4
25.Nd2 cxb3 26.Nxb3 Nc4 27.a4 Rad8 28.Bd2 { ?! } ( 28.h4 { !? } 28...Bc2
29.Nc5 Rxc5 30.Rxc2 { } ) 28...Rb8 29.Rc3 h6 30.f3 Nxd2 31.Nxd2 { ?! } (
31.Kxd2 { !? } 31...Bb5+ 32.Kc1 Bxa4 33.Nc5 { } ) 31...Rb2 32.Rc1 Ba6 33.Rd1
Rd3 { } {#R} 0-1

[Event "It (cat.7)"]
[Site "masterchessopen.com Budapest (Hungary)"]
[Date "2004.12.11"]
[Round "8"]
[White "Gonda Laszlo (HUN)"]
[Black "Horvath Andras (HUN)"]
[Result "1-0"]
[WhiteElo "2400"]
[BlackElo "2339"]

1.d4 Nf6 2.c4 e6 3.Nc3 Bb4 4.Qc2 d5 5.cxd5 Qxd5 6.e3 c5 7.Bd2 Bxc3 8.Bxc3 cxd4
9.Bxd4 Nc6 10.Bc3 O-O 11.Nf3 e5 12.a3 Bg4 13.Be2 a5 14.O-O h6 15.Rfd1 Qe6
16.Qa4 Rfd8 17.h3 Bh5 18.Qb5 Nd5 19.Be1 Rd7 20.Bc4 Rad8 21.Bxa5 Bxf3 22.Bxd8
Qg6 23.g3 Nc3 24.bxc3 Rxd1+ 25.Rxd1 Bxd1 26.Qd5 Bc2 27.Qd7 Be4 28.Qe8+ Kh7
29.Bxf7 {#r} 1-0

[Event "It (open)"]
[Site "masterchessopen.com Zadar (Croatia)"]
[Date "2004.12.16"]
[Round "5"]
[White "Bender Ivan (CRO)"]
[Black "Kos Milorad (SRB)"]
[Result "1-0"]
[WhiteElo "2288"]
[BlackElo "1994"]

1.d4 Nf6 2.c4 e6 3.Nc3 Bb4 4.Qc2 d5 5.cxd5 Qxd5 6.Nf3 Qf5 7.Qb3 Bd6 8.Nb5 O-O
9.Nxd6 cxd6 10.e3 Qg6 11.Bd2 Nc6 12.Rc1 Ne4 13.Bb4 Nxb4 14.Qxb4 d5 15.g3 Qf6
16.Be2 Qd8 17.O-O a6 18.Rc2 f6 19.Rfc1 Rf7 20.Ne1 a5 21.Qa3 Nd6 22.Bh5 g6
23.Be2 b5 24.b3 b4 25.Qb2 Ne4 26.Nd3 Nc3 27.Nc5 Qd6 28.Na4 Nxe2+ 29.Rxe2 Rc7
30.Rxc7 Qxc7 31.Rc2 Qb7 32.Qc1 Bd7 33.Rc7 Qb5 34.Nc5 Bc8 35.e4 g5 36.e5 h6
37.exf6 Qe2 38.Qb1 {#r} 1-0

[Event "It (cat.18)"]
[Site "masterchessopen.com Poikovsky (Russia)"]
[Date "2005.02.26"]
[Round "1"]
[White "Dreev Alexey (RUS)"]
[Black "Sadvakasov Darmen (KAZ)"]
[Result "1-0"]
[WhiteElo "2694"]
[BlackElo "2612"]

{ Dreev Alexey (RUS) +0 =6 -2 Sadvakasov Darmen (KAZ) +0 =1 -0 } 1.d4 Nf6 2.c4
e6 3.Nc3 Bb4 4.Qc2 d5 5.cxd5 Qxd5 6.Nf3 Qf5 7.Qxf5 exf5 8.a3 Be7 { ?/= } 9.Bf4
( 9.Bg5 Be6 10.e3 c6 11.Nd2 Nbd7 12.Nc4 a5 13.Be2 b5 14.Nd2 Nb6 15.Bxf6 Bxf6
16.Bf3 Kd7 17.O-O b4 18.Ne2 g5 19.Rfc1 Rhc8 20.h3 Bg7 21.g4 fxg4 22.hxg4 f5
23.gxf5 Bxf5 24.Ng3 Be6 25.Be4 Na4 26.axb4 axb4 27.Nf3 Bf6 28.Nh5 Bh8 {
...1-0, Kharlov Andrei 2615 - Olafsson Helgi_ 2494 , Cappelle la Grande 1999
It (open) } ) 9...c6 10.e3 Be6 11.Nd2 ( 11.Bd3 Nbd7 12.Ng5 Nh5 13.Nxe6 fxe6
14.Ne2 Nxf4 15.Nxf4 Kf7 16.Bc4 Nf8 17.O-O-O Bd6 18.Nd3 Nd7 19.Rhe1 Rhe8 20.f3
b5 21.Ba2 c5 22.dxc5 Nxc5 23.e4 Nxd3+ 24.Rxd3 Red8 25.Rb3 fxe4 26.Rxb5 Rac8+
27.Kb1 Bxh2 28.fxe4 Rd2 29.e5 Rc7 30.g4 { 1/2-1/2, Dreev Alexey 2698 - Lautier
Joel 2682 , Taiyuan 25. 7.2004 It (cat.16) } ) ( 11.Ng5 Bb3 12.Bd3 g6 13.Nf3
Nbd7 14.h4 Nd5 15.Bg3 N5b6 16.Nd2 Be6 17.Ne2 c5 18.Nf4 cxd4 19.Nxe6 fxe6
20.exd4 O-O 21.Nf3 Rfd8 22.O-O Nf8 23.Rac1 Bd6 24.Bxd6 Rxd6 25.Rc7 Rb8 26.Rfc1
Nd5 27.Rc8 Rd8 28.Rxb8 Rxb8 29.g3 Rd8 30.Bb5 Kg7 { ...1/2-1/2, Barsov Alexei
2471 - Beliavsky Alexander G 2660 , Tripoli 20. 6.2004 Ch World FIDE
(KO-system) (active) } ) 11...Nbd7 12.Nc4 { +0.37 CAP } 12...Nb6 { N } (
12...b6 13.Nd6+ Kf8 14.Nc4 Nh5 15.Be5 Nhf6 16.Rc1 c5 17.h3 Nd5 18.dxc5 Nxc3
19.Bxc3 Nxc5 20.Ne5 Rc8 21.Bb5 f6 22.Nc6 a6 23.Nxe7 Kxe7 24.Be2 a5 25.O-O Nb3
26.Rcd1 Rhd8 27.Rxd8 Rxd8 28.Re1 Rc8 29.Rd1 Bc4 30.Bf3 Nc5 31.Bd4 b5 32.Bc3 {
...1/2-1/2, Harikrishna P 2612 - Safin Shukhrat 2466 , Abudhabi 16. 8.2004 It
"Abu Dhabi Masters" } ) ( 12...O-O 13.Be2 Bxc4 14.Bxc4 Nh5 15.Bc7 Rac8 16.Be5
Nxe5 17.dxe5 g6 18.e6 f6 19.O-O-O Rc7 20.Rd2 Rfc8 21.h3 f4 22.exf4 Nxf4 23.g3
Nd5 24.Bxd5 cxd5 25.Kb1 Rc6 26.Re1 Kf8 27.Rxd5 Bxa3 28.Rd7 Bb4 29.Nd5 Rd6
30.Rf7+ { 1-0, Lomineishvili Maia 2397 - Matnadze Ana 2392 , Tbilisi 14.
4.2002 Ch Georgia (w) } ) 13.Na5 O-O-O 14.Be5 Ng4 15.Bg3 g5 16.h3 f4 17.exf4
gxf4 18.Bxf4 Rxd4 19.g3 Nf6 20.Be5 Rd7 21.Rc1 Re8 22.Be2 a6 23.O-O Nfd5 24.Ne4
Nc7 25.h4 Rd5 26.Bc3 Na4 27.b4 Bf5 28.f3 Nxc3 29.Nxc3 Rdd8 30.Bc4 Rg8 31.Kf2
Bf6 32.Ne2 { ?! } ( 32.Bxf7 { !? } 32...Rgf8 33.Bh5 Rd2+ 34.Ke1 { } ) 32...Ne6
{ ? } ( { ? } 32...Bb2 33.Rb1 Bxb1 34.Rxb1 Bg7 { } ) 33.Bxa6 bxa6 34.Nxc6 Kb7
35.Nxd8+ Rxd8 36.Rfd1 Rxd1 37.Rxd1 Kc6 38.h5 Nc7 39.Nd4+ Bxd4+ 40.Rxd4 Kb5 { ?
^00 ^00 ^00 ^01 ^00 ^02 g4 ^254 ^00 ^00 ^00 ^128 } ( { ? } 40...Nb5 41.Rf4 Be6
42.a4 Nc3 { } ) 41.g4 { ! } ( 41.Rd8 Be6 42.Rh8 Bf5 43.g4 { } ) 41...Be6
42.Rd8 Ba2 { ^00 ^00 ^00 ^01 ^00 ^05 Rd8h8 ^254 ^00 ^00 ^00 ^128 } 43.Rh8 { !
} ( 43.Rb8+ Kc6 44.Rh8 Bb1 45.Rf8 { } ) 43...Bb1 44.f4 { ?! } ( 44.Rf8 { !? }
44...Ba2 45.f4 Ka4 46.Rh8 { } ) 44...Ne6 45.Ke3 { } {#r} 1-0

[Event "It \"]
[Site "masterchessopen.com Monaco"]
[Date "2005.03.20"]
[Round "2"]
[White "Topalov Veselin (BUL)"]
[Black "Anand Viswanathan (IND)"]
[Result "0-1"]
[WhiteElo "2782"]
[BlackElo "2788"]

{ Anand Viswanathan (IND) +1 =10 -0 } 1.d4 Nf6 2.c4 e6 3.Nc3 Bb4 4.Qc2 d5
5.cxd5 Qxd5 6.Nf3 Qf5 7.Qxf5 exf5 8.a3 Be7 { ?/= } ( 8...Bd6 9.Nb5 Be6 10.e3
Nc6 11.Bd2 Ne4 12.Bd3 a6 13.Nxd6+ cxd6 14.Ke2 Kd7 15.Rhc1 Rhc8 16.Be1 Ne7
17.Ng1 b5 18.f3 Nf6 19.Bh4 Nfd5 20.Bxe7 { 1/2-1/2, Kramnik Vladimir 2780 -
Anand Viswanathan 2795 , Frankfurt 1998 It (cat.22) (active) } ) 9.Bf4 ( 9.Bg5
Be6 10.e3 c6 11.Nd2 Nbd7 12.Nc4 a5 13.Be2 b5 14.Nd2 Nb6 15.Bxf6 Bxf6 16.Bf3
Kd7 17.O-O b4 18.Ne2 g5 19.Rfc1 Rhc8 20.h3 Bg7 21.g4 fxg4 22.hxg4 f5 23.gxf5
Bxf5 24.Ng3 Be6 25.Be4 Na4 26.axb4 axb4 27.Nf3 Bf6 28.Nh5 Bh8 { ...1-0,
Kharlov Andrei 2615 - Olafsson Helgi_ 2494 , Cappelle la Grande 1999 It (open)
} ) 9...c6 10.e3 Nbd7 11.Bc4 ( 11.Nd2 Nb6 12.Nb3 Ne4 13.Nxe4 fxe4 14.Na5 O-O
15.b4 Nd5 16.Bg3 Bd8 17.Rc1 Bxa5 18.bxa5 Bd7 19.Be2 Rad8 20.a6 b6 21.O-O Rc8
22.Rc2 Rfe8 23.Rfc1 h6 24.h4 Ne7 25.h5 Be6 26.Bd6 Bd7 27.Kh2 Nd5 28.g4 Re6
29.Be5 Ree8 30.Kg3 Red8 { ...1/2-1/2, Shipov Sergei 2588 - Khalifman Alexander
2669 , Sochi 24. 4.2004 Ch Russia (club) } ) ( 11.Bd3 Nb6 12.O-O O-O 13.Rfc1
Be6 14.Nd2 Rfc8 15.Bg3 Nh5 16.b4 Nxg3 17.hxg3 a5 18.bxa5 Rxa5 19.Rcb1 Na4
20.Rxb7 Nxc3 21.Rxe7 Nb5 22.Bc4 Rxa3 23.Rxa3 Nxa3 24.Bxe6 fxe6 25.Nb3 Kf8
26.Rxe6 Nc4 27.Nc5 Kf7 28.Kh2 Nd2 29.Re5 g6 30.Kh3 Nc4 { ...1-0, Gagunashvili
Merab 2567 - Pedersen Nicolai Vesterbaek 2466 , Vlissingen 11. 8.2004 It
(open) } ) 11...Nb6 12.Ba2 Nfd5 { N } ( 12...Be6 13.Bxe6 fxe6 14.Rc1 Nfd5
15.O-O Nxf4 16.exf4 Bf6 17.Rfe1 Kf7 18.Ne2 Rhd8 19.Rc3 Nd5 20.Rb3 Rd7 21.g3 a5
22.Nc3 Ra7 { 1/2-1/2, Sokolov Ivan 2663 - Adams Michael 2740 , Wijk aan Zee
2004 It (cat.19) } ) ( 12...O-O 13.O-O h6 14.Ne5 Be6 15.Bxe6 fxe6 16.Ng6 Rfe8
17.Nxe7+ Rxe7 18.Rfc1 Nfd5 19.Bd6 Rd7 20.Bg3 a5 21.b3 Kf7 22.Nxd5 exd5 23.a4
Nc8 24.Kf1 Ke6 25.Ke2 Rf7 26.f3 Kd7 27.Rc5 Re7 28.Kd3 { 1/2-1/2, Sosulin
Eduard 2307 - Kuzuev Danil 2438 , Donskoj 2001 It (cat.4) } ) 13.Nxd5 Nxd5
14.Bxd5 cxd5 15.Rc1 f6 16.Kd2 Bd7 17.Rc7 { ?! } ( 17.Rc3 { !? } 17...Bc6
18.Rhc1 Kf7 19.b4 { } ) 17...g5 18.Bg3 Bc6 19.Rc1 Kd8 20.R1xc6 bxc6 21.Rxc6
Kd7 22.Ra6 Rhc8 23.Ne1 Rc6 24.Ra5 Bd8 { ?! } ( 24...Ke6 { !? } 25.Nd3 h5 26.h3
Rb6 { } ) 25.Rxd5+ Ke6 26.Rb5 Rb6 27.Rxb6+ Bxb6 28.Nc2 Rg8 29.f3 f4 30.Bf2 g4
31.exf4 gxf3 32.g3 Kf5 33.Kd3 { ? } ( 33.Ke3 Rc8 34.Ne1 Rc4 35.Kd3 { } )
33...Kg4 34.Ne3+ Kh3 35.Ke4 Rd8 36.d5 { ?! } ( 36.Kxf3 { !? } 36...Rxd4 37.Nf1
Rd1 38.Bxb6 { } ) 36...Bxe3 37.Bxe3 Kg2 38.Bxa7 Ra8 { ?! } ( 38...f5+ { !? }
39.Kxf5 Rxd5+ 40.Kg4 Rd7 { } ) 39.Bd4 h5 40.d6 { ? } ( 40.b3 Re8+ 41.Kd3 Kxh2
42.d6 { } ) 40...f2 41.Bxf2 { -2.38 CAP } 41...Kxf2 42.b4 Kg2 43.b5 Kxh2 44.b6
Kxg3 45.b7 Rh8 { } {#R} 0-1

[Event "It"]
[Site "masterchessopen.com Novi Sad (Yugoslavia)"]
[Date "2005.03.22"]
[Round "5"]
[White "Saric Sinisa (SRB)"]
[Black "Brunello Sabino (ITA)"]
[Result "1-0"]
[WhiteElo "2310"]
[BlackElo "2334"]

1.d4 Nf6 2.c4 e6 3.Nc3 Bb4 4.Qc2 d5 5.cxd5 Qxd5 6.e3 c5 7.Bd2 Bxc3 8.bxc3 Nc6
9.Nf3 c4 10.Bc1 e5 11.Nxe5 Nxe5 12.dxe5 Qxe5 13.Bxc4 O-O 14.Bd3 Rd8 15.O-O Ng4
16.f4 Qc5 17.h3 Nxe3 18.Bxh7+ Kh8 19.Qf2 Re8 20.Bc2 Qxc3 21.Qh4+ Kg8 22.Qh7+
Kf8 23.Bb3 b5 24.Ba3+ b4 25.Rac1 Qd4 26.Bxb4+ Qxb4 27.Rc7 {#r} 1-0

[Event "It \"]
[Site "masterchessopen.com Connecticut (USA)"]
[Date "2005.03.26"]
[Round "6"]
[White "Vigorito David (USA)"]
[Black "Friedman Josef (USA)"]
[Result "1-0"]
[WhiteElo "2364"]
[BlackElo "2207"]

1.d4 Nf6 2.c4 e6 3.Nc3 Bb4 4.Qc2 d5 5.cxd5 Qxd5 6.Nf3 Qf5 7.Qxf5 exf5 8.a3 Bd6
9.Bg5 Ne4 10.Nxe4 fxe4 11.Nd2 f5 12.e3 Be6 13.Nc4 Nc6 14.Bh4 Be7 15.Bg3 O-O-O
16.Rc1 Bd5 17.b4 a6 18.Na5 Bd6 19.Nxc6 Bxc6 20.Bxa6 Kd7 21.Bc4 Ba4 22.Kd2 g5
23.Bxd6 Kxd6 24.h4 h6 25.Be2 Bb3 26.Kc3 Bd5 27.Rh2 g4 28.Rhh1 Ra8 29.Ra1 Ra4
30.Bb5 Ra7 31.Kb2 b6 32.g3 Rha8 33.Rhc1 c6 34.Be2 Be6 35.Rc3 Bd5 36.Bd1 Be6
37.a4 Rb8 38.Rac1 Bd7 39.Bb3 Ke7 40.Rxc6 Bxc6 41.Rxc6 Kf8 42.Rxh6 Kg7 43.Rc6
Rd7 44.b5 f4 45.gxf4 Rh8 46.f5 {#r} 1-0

[Event "It \"]
[Site "masterchessopen.com Monaco"]
[Date "2005.03.27"]
[Round "8"]
[White "Bareev Evgeny (RUS)"]
[Black "Topalov Veselin (BUL)"]
[Result "0-1"]
[WhiteElo "2675"]
[BlackElo "2782"]

{ Bareev Evgeny (RUS) +3 =5 -0 Topalov Veselin (BUL) +0 =2 -0 Bareev Evgeny
(RUS)-Topalov Veselin (BUL) +0 =1 -0 } 1.d4 Nf6 2.c4 e6 3.Nc3 Bb4 4.Qc2 d5
5.cxd5 { ?/= } 5...c5 { N } ( 5...Qxd5 6.e3 ( 6.Nf3 Qf5 7.Qxf5 exf5 8.a3 Be7 (
8...Bd6 9.Bg5 Ne4 10.Nxe4 fxe4 11.Nd2 f5 12.e3 Nc6 13.Nc4 Be6 14.Bh4 Bd5
15.Rc1 Kd7 16.Be2 Rhf8 17.Bg3 Rae8 18.b4 g5 19.b5 Nxd4 20.exd4 f4 21.Nxd6 Kxd6
22.Rc3 fxg3 23.hxg3 Rh8 24.Kd2 h6 25.Ke3 { ...1/2-1/2, Van Wely Loek 2679 -
Bocharov Dmitry 2585 , Moscow 20. 2.2005 It (open) "Aeroflot" } ) 9.Bg5 Be6
10.e3 c6 11.Bd3 Nbd7 12.O-O h6 13.Bh4 a5 14.Rac1 O-O 15.Ne2 g5 16.Bg3 Ne4
17.Nc3 Nxc3 18.Rxc3 Nf6 19.Rcc1 Rfd8 20.Rfd1 Rac8 { 1/2-1/2, Kasparov Garry
2851 - Kramnik Vladimir 2760 , Linares 1999 It (cat.20) } ) 6...c5 7.Bd2 Bxc3
8.bxc3 b6 9.Nf3 Nbd7 10.c4 Qd6 11.Be2 Bb7 12.Rd1 Rc8 13.O-O Qc7 14.dxc5 Nxc5
15.Nd4 O-O 16.f3 Rfd8 17.Be1 Qe7 18.Bh4 Bc6 19.Nb5 h6 20.Rxd8+ Rxd8 21.e4 Bxb5
22.cxb5 e5 23.Rd1 Ne6 24.Rxd8+ Qxd8 25.Qc1 { ...1/2-1/2, Bareev Evgeny 2715 -
Topalov Veselin 2757 , Wijk aan Zee 2003 It (cat.19) } ) ( 5...exd5 6.Bg5 c5 (
6...h6 7.Bh4 c5 8.dxc5 g5 9.Bg3 Ne4 10.e3 Qa5 11.Ne2 Bf5 12.Bxb8 Rxb8 13.Nd4
Bd7 14.Nb3 Bxc3+ 15.bxc3 Qxc3+ 16.Qxc3 Nxc3 17.f3 Ke7 18.Kd2 Na4 19.Rc1 Rhc8
20.Bd3 Rc7 21.Rc2 Rbc8 22.Rhc1 h5 23.Na5 Nxc5 { 1/2-1/2, Sokolov Ivan 2685 -
Van Wely Loek 2679 , Wijk aan Zee 20. 1.2005 It (cat.19) } ) 7.Nf3 h6 8.Bxf6
Qxf6 9.a3 Ba5 10.e3 cxd4 11.Nxd4 Nc6 12.Rd1 Bg4 13.Be2 Nxd4 14.Rxd4 Bxc3+
15.Qxc3 Bxe2 16.Kxe2 O-O 17.Rc1 Qf5 18.Qd3 Qh5+ 19.g4 Qxh2 20.Rxd5 Rae8 21.Rd7
Qg2 22.Qf5 Re5 23.Qf3 Rxe3+ 24.Qxe3 Qxg4+ 25.Kf1 { ...0-1, Dao Thien Hai 2531
- Kasparov Garry 2838 , Batumi 2001 Match "Europe-Asia" (active) } ) ( 5...Ne4
6.e3 Nc6 7.Bd3 Bxc3+ 8.bxc3 Qf6 9.Rb1 Nd6 10.Bf5 Qxf5 11.Qxf5 Nxf5 12.e4 Nd6
13.Bd2 Rf8 14.f3 f5 15.Rb3 h5 16.h4 Nb5 17.d6 fxe4 18.fxe4 a6 19.g4 hxg4 20.h5
Ra7 { 0-1, Computer "Stobor" - Computer "Mephisto", Paderborn 1995 Ch World
(computers) } ) ( 5...Nxd5 6.a3 Nxc3 7.bxc3 Ba5 8.e3 c5 9.Bd2 Nc6 10.Nf3 cxd4
11.cxd4 Bd7 12.Bd3 Rc8 13.Qb2 O-O 14.O-O Bxd2 15.Nxd2 Na5 16.Rac1 Bc6 17.Qb1
h6 18.Bb5 Qb6 19.Bxc6 Qxb1 20.Nxb1 Nxc6 21.Nd2 Rfd8 22.f4 Ne7 23.Kf2 Nd5
24.Ke2 Kf8 25.Kd3 { ...0-1, Duong The Anh 2288 - Cao Sang 2536 , Dalat City
18. 3.2004 Ch Vietnam } ) ( 5...Bxc3+ 6.bxc3 Qxd5 7.Nf3 O-O 8.e3 b6 9.Bd3 Bb7
10.O-O Nbd7 11.Re1 Qh5 12.e4 c5 13.Qe2 Rfd8 14.Bf4 cxd4 15.cxd4 Rac8 16.a4 Rc3
17.Bd2 Rxd3 18.Qxd3 Nc5 19.Qb5 Ba6 20.Qb1 Bd3 21.Qd1 Ncxe4 22.Bb4 Ba6 23.Be7
Re8 24.Bxf6 Nxf6 25.Ne5 { ...1-0, Timoscenko Gennadij 2504 - Buerger Thomas
2127 , Feffernitz 15. 8.2004 It (open) } ) 6.Bg5 Qxd5 ( 6...exd5 7.Nf3 h6
8.Bxf6 Qxf6 9.a3 Ba5 10.e3 cxd4 11.Nxd4 Nc6 12.Rd1 Bg4 13.Be2 Nxd4 14.Rxd4
Bxc3+ 15.Qxc3 Bxe2 16.Kxe2 O-O 17.Rc1 Qf5 18.Qd3 Qh5+ 19.g4 Qxh2 20.Rxd5 Rae8
21.Rd7 Qg2 22.Qf5 Re5 23.Qf3 Rxe3+ 24.Qxe3 Qxg4+ 25.Kf1 Qxd7 26.Qxa7 { ...0-1,
Dao Thien Hai 2531 - Kasparov Garry 2838 , Batumi 2001 Match "Europe-Asia"
(active) } ) 7.Bxf6 gxf6 8.dxc5 Qxc5 9.Rc1 ( 9.e3 Nc6 10.Ne2 Bd7 11.a3 Qa5
12.Rd1 Be7 13.Nf4 Ne5 14.Be2 O-O 15.O-O Rac8 16.Nh5 Bc6 17.e4 Kh8 18.f4 Nc4
19.Bxc4 Qxh5 20.f5 Bc5+ 21.Kh1 e5 22.Qd2 Bd4 23.Nd5 Bxd5 24.Bxd5 Rc7 25.Rc1
Rfc8 26.Bxb7 Rxc1 27.Rxc1 Rxc1+ 28.Qxc1 Bxb2 { ...1/2-1/2, Timoscenko Gennadij
2515 - Netolitzky Gregor 2228 , Wattens 1994 It (open) } ) 9...Nc6 { N }
10.Nf3 Bd7 11.g3 Bxc3+ 12.Qxc3 Qxc3+ 13.Rxc3 Ke7 14.Bg2 Rac8 15.O-O Nb4 16.Rb3
a5 17.a3 Ba4 18.Re3 Nd5 19.Re4 Bc2 20.Rh4 Rhd8 21.Ra1 Bg6 22.Ne1 b5 23.Bf1 Nb6
24.e3 Rd5 { ?! } ( 24...Nc4 { !? } 25.a4 Nxb2 26.axb5 Rd1 { } ) 25.b4 a4 26.e4
Rd4 27.Bxb5 Rxe4 28.Rxe4 Bxe4 29.Nd3 Bxd3 30.Bxd3 Rc3 31.Bb5 e5 32.Kf1 f5
33.Ke1 e4 34.Be2 Kd6 35.Kd2 Rb3 36.Ra2 h6 37.Bd1 Rd3+ 38.Ke1 Ke5 39.Ke2 Nd5
40.Ra1 { ? } ( 40.Ke1 f4 41.Bc2 Rf3 42.Bd1 { } ) 40...Nc3+ 41.Ke1 Nxd1 42.Rxd1
Rxa3 43.b5 { ?! } ( 43.Rb1 { !? } 43...Kd6 44.b5 Kc7 45.Ke2 { } ) 43...Rb3
44.Ra1 a3 45.Kd2 { -3.75 CAP } 45...Kd5 46.Kc2 Rf3 47.Rb1 Kc5 48.b6 Rxf2+
49.Kc3 a2 { } {#R} 0-1

[Event "It (open)"]
[Site "masterchessopen.com Salou (Spain)"]
[Date "2005.05.26"]
[Round "7"]
[White "Hillarp Persson Tiger (SWE)"]
[Black "Del Rio Angelis Salvador G (ESP)"]
[Result "1-0"]
[WhiteElo "2534"]
[BlackElo "2489"]

1.d4 Nf6 2.c4 e6 3.Nc3 Bb4 4.Qc2 d5 5.cxd5 Qxd5 6.Nf3 Qf5 7.Qxf5 exf5 8.a3 Be7
9.Bf4 c6 10.e3 Be6 11.Nd2 Nh5 12.Be5 Nd7 13.Bc4 Nb6 14.Ba2 Nf6 15.Nb3 Nbd5
16.Bxf6 gxf6 17.O-O-O Rg8 18.g3 O-O-O 19.Nd2 Nb6 20.Nf3 Nd5 21.Nxd5 Bxd5
22.Bxd5 Rxd5 23.Rd2 Bd8 24.Rhd1 Ba5 25.Rc2 Kd7 26.Rd3 Bb6 27.Kd2 Ke7 28.Ke2
Rgd8 29.Rdc3 Ke6 30.Ne1 Ke7 31.Nd3 Rb5 32.b4 a5 33.a4 axb4 34.Rb3 {#r} 1-0

[Event "Ch Europe"]
[Site "masterchessopen.com Warsaw (Poland)"]
[Date "2005.06.27"]
[Round "9"]
[White "Nyback Tomi (FIN)"]
[Black "Romanov Evgeny (RUS)"]
[Result "1-0"]
[WhiteElo "2563"]
[BlackElo "2479"]

1.d4 Nf6 2.c4 e6 3.Nc3 Bb4 4.Qc2 d5 5.cxd5 Qxd5 6.e3 c5 7.Bd2 Bxc3 8.Bxc3 cxd4
9.Bxd4 Nc6 10.Bc3 O-O 11.Nf3 Qc5 12.Rc1 Nd5 13.Bd2 Qxc2 14.Rxc2 Bd7 15.e4 Nb6
16.Bd3 e5 17.h3 f6 18.Ke2 Rfc8 19.Rhc1 Nd8 20.Be3 Rxc2+ 21.Rxc2 Rc8 22.Rxc8
Bxc8 23.Nd2 Be6 24.Bxb6 axb6 25.Bc4 Kf7 26.Bd5 Ke7 27.Kd3 b5 28.Nf1 Bxd5
29.exd5 Kd6 30.Ne3 Kc5 31.Ke4 g6 32.Ng4 f5+ 33.Kxe5 fxg4 34.hxg4 b4 35.f4 b5
36.f5 b3 37.axb3 b4 38.g3 Nf7+ 39.Ke6 Ng5+ 40.Ke5 Nf7+ 41.Kf6 Nh6 42.Ke6 gxf5
43.d6 Kc6 44.d7 Kc7 45.g5 {#r} 1-0